| 000 | 00916cab a2200181 4500 | ||
|---|---|---|---|
| 001 | ##L132597 | ||
| 008 | 060221n2006 000 0 eng u | ||
| 035 | _a(Sirsi) u132597 | ||
| 041 | 0 | _aeng | |
| 100 | 1 | _aMcCormick, Helen | |
| 245 | 0 | 0 | _aRust busters |
| 260 | _c2006 | ||
| 490 | 0 |
_aContract Journal _v432(6562) 15 February 2006, 28-29(2) |
|
| 520 | _aReports on the use of Cathodic Protection (CP) to reverse rusting in steel-framed buildings. The technique involves the installation of artificial anodes which effectively turns the steel into a cathode and renders it immune from further corrosion. CP is both less expensive and intrusive than other methods, and a series of seminars is being held at the RICS to raise awareness of the technique among surveyors who manage buildings. | ||
| 590 | _aIKA280206 | ||
| 690 | _aBUILT ENVIRONMENT-BUILDING PATHOLOGY-DAMP AND WATER INGRESS-CORROSION | ||
| 942 | _n0 | ||
| 999 |
_c76518 _d76518 |
||